000 01085nam a2200229Ia 4500
001 L235-8921
003 IT-CnALBA
008 170116s9999||||xx |||||||||||||| ||und||
040 _aIT-CnALBA
_cIT-CnALBA
041 _aITALIANO
100 _aLEPICIER ALESSIO, OSM., CARDINALE.
245 0 _aSANTA GIULIANA FALCONIERI. FONDATRICE DELLE SUORE MANTELLATESERVE DI MARIA.
250 _a1a ed.
260 _a PISTOIA
_bGRAZZINI G. STABIL. TIPOGR.
_c1922 [1° Ed.:1922 - Ed.Ling.Originale: 1922]
300 _a224 p. (prefazione: 10)
500 _aTRADUZIONE DAL FRANCESE. SUA VITA. TEMPO. OPERA. ILLUSTRAZIONI NEL TESTO. I FALCONIERI DI FIRENZE. GIULIANA E LE MANTELLATE. PACIERA. MIRACOLI. APPENDICI.
501 _aSocietà San Paolo EM - Piazza San Paolo, 14 - 12051 ALBA (CN) (non commercial uses only) ® Copyright 2017
520 _aTRADUZIONE DAL FRANCESE. SUA VITA. TEMPO. OPERA. ILLUSTRAZIONI NEL TESTO. I FALCONIERI DI FIRENZE. GIULIANA E LE MANTELLATE. PACIERA. MIRACOLI. APPENDICI.
650 _aMARIA SS. ANGELI SANTI DEMONI
942 _cBK
957 _71
999 _a9897
_bSI
_g Copie: 1
_c268097
_d268097